Statistics for Match the Stranger Things Actor to Character

Click here to take the quiz!

General Stats

  • This quiz has been taken 410 times
  • The average score is 13 of 21

Answer Stats

HintAnswer% Correct
ElevenMillie Bobby Brown
94%
Joyce ByersWinona Ryder
92%
Mike WheelerFinn Wolfhard
89%
Will ByersNoah Schnapp
85%
Max MayfieldSadie Sink
84%
Jim HopperDavid Harbour
82%
Steve HarringtonJoe Keery
81%
Nancy WheelerNatalia Dyer
79%
Dacre MontgomeryBilly Hargrove
76%
Joe ChrestBilly Hargrove
76%
Jonathan ByersCharlie Heaton
76%
Dustin HendersonGaten Matarazzo
76%
Lucas SinclairCaleb McLaughlin
74%
Sean AstinBob Newby
54%
Karen WheelerCara Buono
53%
Erica SinclairPriah Ferguson
50%
Matthew ModineDr. Martin Brenner
31%
Paul ReiserDr. Sam Owens
22%
Randy HavensMr. Clarke
16%
Tinsley PriceHolly Wheeler
15%
Susan Shalhoub LarkinFlorence
8%

Score Distribution

Percentile by Number Answered

Percent of People with Each Score

Your Score History

You have not taken this quiz